000 nam a22 7a 4500
999 _c127931
_d127931
008 180413b xxu||||| |||| 00| 0 eng d
050 _aBF1879.T2
_bM489
245 _aMeditations sur les 22 Arcanes Majeurs du Tarot
_bpar un Auteur qui a voulu conserver l'anonymat
_cAnonymous
250 _aRev. ed.
260 _aParis
_bAubier
_c1984
300 _a774p. ;
_c22cm.
650 _aTargot
_941513
942 _2lcc
_cMONOGRAPH